Problemas de la integración cultural: América Latina

Guardat en:
Dades bibliogràfiques
Autor principal: Roncagliolo, Rafael (Autor)
Format: Llibre
Idioma:espanyol
Publicat: Buenos Aires Grupo Editora Norma 2003
Edició:1a. ed
Col·lecció:Enciclopedia Latinoamericana de Sociocultura y Comunicación, 22
Matèries:
Etiquetes: Afegir etiqueta
Sense etiquetes, Sigues el primer a etiquetar aquest registre!

MARC

LEADER 00000nam a2200000 a 4500
001 UCI4992
003 CL-VaPUC
008 080307e20030000AG |||||||||||||||||spa|d
020 |a 9875450898 
082 0 4 |a 306  |b RON  |2 21 
100 0 |a Roncagliolo, Rafael  |e author  |9 527018 
245 1 0 |a Problemas de la integración cultural: América Latina 
250 |a 1a. ed 
300 |a 141 p 
942 |c BK 
945 |d 20080307 00:00:00  |a jtorresc 
260 |a Buenos Aires  |b Grupo Editora Norma  |c 2003 
650 0 |a Integración regional  |9 376371 
650 0 |a Sociología de la cultura   |9 318280 
650 0 |a Integración Cultural  |9 338434 
650 0 |a Grupos sociales  |9 268887 
583 |a last modification  |c 20080307 00:00:00  |k Rodrigo Vera 
490 0 |a Enciclopedia Latinoamericana de Sociocultura y Comunicación, 22 
999 |c 328761  |d 328759 
952 |0 0  |1 0  |4 0  |6 306_000000000000000_RON_2003  |7 0  |8 A  |9 412848  |a BIBEDU  |b BIBEDU  |d 2019-11-22  |i 4412168  |o 306 RON 2003  |p 4412168  |r 2023-01-12  |w 2019-11-22  |y BK  |k MUS 
952 |0 0  |1 0  |4 0  |6 306_000000000000000_RON_2003  |7 0  |8 A  |9 412849  |a BIBCUR  |b BIBCUR  |d 2019-11-22  |i 4495349  |o 306 RON 2003  |p 4495349  |r 2025-04-22  |w 2019-11-22  |y BK  |k MGC